000 00437nam a2200205Ia 4500
001 12892
003 GE_BSU
008 181216s||||||||xx |||||||||||||| ||und||
020 _a139780751530773
040 _cGE_BSU
080 _a821.111-312.4
100 _aCornwell,Patricia.
245 _aTrace.
260 _aLondon.
260 _bTime warner books.
260 _c2004
300 _a489p;18cm.
653 _aTrace.
942 _cBK
999 _c46062
_d46062